000 00806nam a2200205Ia 4500
005 20260121110029.0
008 008 260114s9999 xx 000 0 hin d
020 _a9788132358749
037 _aEBOOK
040 _aCRL
_bhin
_cCRL
041 _ahin
_2hin
084 _qCRL
100 _aसर्वदमन सिंह / Sarvadan Singh
_9941189
245 0 _aसाइटोलोजी: जीव कोशिका की संरचना एवं जैव रासायनिक प्रक्रिया / Cytology: Jeev Koshika ki Sanrachna aur Jaiv Rasayanik Prakriyaayein
260 _bभाषा प्रकाशन / Bhasha Prakashan
_c2021
856 _uhttps://bhashaprakashan.com/product-details/382383
942 _cEBOOK
999 _c1532854
_d1532854